| 000 | 00492nam a2200169Ia 4500 | ||
|---|---|---|---|
| 001 | 24741 | ||
| 005 | 20260414151103.0 | ||
| 008 | 260414t2017||||xx |||||||||||||| ||spa|| | ||
| 041 | _aESP | ||
| 082 |
_a345.73 _bP72 |
||
| 245 | 0 |
_aII pleno jurisdiccional extraordinario de las salas penales permanente y transitoria y, sentencia plenaria N° 01-2015 / 301.A.2-ACPP _b |
|
| 260 | _c2017 | ||
| 300 |
_a127 páginas : _c24 cm. |
||
| 650 | _aDER | ||
| 654 | _aCDE | ||
| 942 |
_cLIB _dJUS _fJUS _2ddc _n |
||
| 999 |
_c24741 _d24741 |
||